Affective Computing and Intelligent Interaction First International Conference, ACII 2005, Beijing, China, October 22-24, 2005. Proceedings /

This volume contains the proceedings of the 1st International Conference on A?ective Computing and Intelligent Interaction (ACII 2005) held in Beijing, China, on 22–24 October 2005. Traditionally, the machine end of human–machine interaction has been very passive, and certainly has had no means of r...

Πλήρης περιγραφή

Λεπτομέρειες βιβλιογραφικής εγγραφής
Συγγραφή απο Οργανισμό/Αρχή: SpringerLink (Online service)
Άλλοι συγγραφείς: Tao, Jianhua (Επιμελητής έκδοσης), Tan, Tieniu (Επιμελητής έκδοσης), Picard, Rosalind W. (Επιμελητής έκδοσης)
Μορφή: Ηλεκτρονική πηγή Ηλ. βιβλίο
Γλώσσα:English
Έκδοση: Berlin, Heidelberg : Springer Berlin Heidelberg, 2005.
Σειρά:Lecture Notes in Computer Science, 3784
Θέματα:
Διαθέσιμο Online:Full Text via HEAL-Link
LEADER 04068nam a22005895i 4500
001 978-3-540-32273-3
003 DE-He213
005 20151204142910.0
007 cr nn 008mamaa
008 100328s2005 gw | s |||| 0|eng d
020 |a 9783540322733  |9 978-3-540-32273-3 
024 7 |a 10.1007/11573548  |2 doi 
040 |d GrThAP 
050 4 |a Q334-342 
050 4 |a TJ210.2-211.495 
072 7 |a UYQ  |2 bicssc 
072 7 |a TJFM1  |2 bicssc 
072 7 |a COM004000  |2 bisacsh 
082 0 4 |a 006.3  |2 23 
245 1 0 |a Affective Computing and Intelligent Interaction  |h [electronic resource] :  |b First International Conference, ACII 2005, Beijing, China, October 22-24, 2005. Proceedings /  |c edited by Jianhua Tao, Tieniu Tan, Rosalind W. Picard. 
264 1 |a Berlin, Heidelberg :  |b Springer Berlin Heidelberg,  |c 2005. 
300 |a XIX, 1008 p.  |b online resource. 
336 |a text  |b txt  |2 rdacontent 
337 |a computer  |b c  |2 rdamedia 
338 |a online resource  |b cr  |2 rdacarrier 
347 |a text file  |b PDF  |2 rda 
490 1 |a Lecture Notes in Computer Science,  |x 0302-9743 ;  |v 3784 
505 0 |a Affective Face and Gesture Processing -- Affective Speech Processing -- Evaluation of Affective Expressivity -- Affective Database, Annotation and Tools -- Psychology and Cognition of Affect -- Affective Interaction and Systems and Applications. 
520 |a This volume contains the proceedings of the 1st International Conference on A?ective Computing and Intelligent Interaction (ACII 2005) held in Beijing, China, on 22–24 October 2005. Traditionally, the machine end of human–machine interaction has been very passive, and certainly has had no means of recognizing or expressing a?ective information. But without the ability to process such information, computers cannot be expected to communicate with humans in a natural way. The ability to recognize and express a?ect is one of the most important features of - man beings. We therefore expect that computers will eventually have to have the ability to process a?ect and to interact with human users in ways that are similar to those in which humans interact with each other. A?ective computing and intelligent interaction is a key emerging technology that focuses on m- iad aspects of the recognition, understanding, and expression of a?ective and emotional states by computers. The topic is currently a highly active research area and is receiving increasing attention. This strong interest is driven by a wide spectrum of promising applications such as virtual reality, network games, smart surveillance, perceptual interfaces, etc. A?ective computing and intelligent interaction is a multidisciplinary topic, involving psychology, cognitive science, physiology and computer science. ACII 2005 provided a forum for scientists and engineers to exchange their technical results and experiences in this fast-moving and exciting ?eld. A total of 45 oral papers and 82 poster papers included in this volume were selected from 205 c- tributionssubmittedbyresearchersworldwide. 
650 0 |a Computer science. 
650 0 |a User interfaces (Computer systems). 
650 0 |a Artificial intelligence. 
650 0 |a Computer graphics. 
650 0 |a Image processing. 
650 0 |a Pattern recognition. 
650 1 4 |a Computer Science. 
650 2 4 |a Artificial Intelligence (incl. Robotics). 
650 2 4 |a Image Processing and Computer Vision. 
650 2 4 |a Pattern Recognition. 
650 2 4 |a Computer Imaging, Vision, Pattern Recognition and Graphics. 
650 2 4 |a User Interfaces and Human Computer Interaction. 
700 1 |a Tao, Jianhua.  |e editor. 
700 1 |a Tan, Tieniu.  |e editor. 
700 1 |a Picard, Rosalind W.  |e editor. 
710 2 |a SpringerLink (Online service) 
773 0 |t Springer eBooks 
776 0 8 |i Printed edition:  |z 9783540296218 
830 0 |a Lecture Notes in Computer Science,  |x 0302-9743 ;  |v 3784 
856 4 0 |u http://dx.doi.org/10.1007/11573548  |z Full Text via HEAL-Link 
912 |a ZDB-2-SCS 
912 |a ZDB-2-LNC 
950 |a Computer Science (Springer-11645)